[Event "FIDE Open World Blitz 2021"]
[Site "Warsaw"]
[Date "2021.12.30"]
[Round "16.3"]
[White "Erigaisi Arjun"]
[Black "Dubov, Daniil"]
[Result "1/2-1/2"]
[WhiteElo "2627"]
[BlackElo "2714"]
[Annotator "ChessBase"]
[PlyCount "79"]
[EventDate "2021.12.29"]
[EventType "swiss"]
[EventCountry "POL"]
[Tiebreak "Cut1 Buchholz"]
[SourceTitle "playchess.com"]
[Source "ChessBase"]
[SourceQuality "1"]

1. Nf3 d5 2. d4 Nf6 3. Bf4 g6 4. e3 Bg7 5. Nbd2 O-O 6. h3 c5 7. c3 b6 8. a4 Nc6
9. Bb5 Bb7 10. O-O Nd7 11. Qe2 a6 12. Bxc6 Bxc6 13. Rfd1 Bb7 14. b4 Qc8 15. a5
Bc6 16. axb6 cxb4 17. cxb4 Nxb6 18. Rdc1 Bb5 19. Rxc8 Bxe2 20. Rc6 Nc4 21. Nb3
Bxf3 22. gxf3 e5 23. Bg3 Rab8 24. dxe5 Bxe5 25. Bxe5 Nxe5 26. Rf6 Rxb4 27. Nd4
Rb2 28. Rfxa6 Nd3 29. R6a2 Rfb8 30. Nc6 R8b5 31. Rxb2 Rxb2 32. Ne7+ Kg7 33.
Nxd5 Nxf2 34. h4 Nd3 35. Rd1 Ne5 36. Rf1 Re2 37. e4 Rb2 38. Rf2 Rb1+ 39. Kg2 h6
40. Nf4 1/2-1/2

[Event "FIDE Open World Blitz 2021"]
[Site "Warsaw"]
[Date "2021.12.30"]
[Round "16.3"]
[White "Teclaf, Pawel"]
[Black "Bartel, Mateusz"]
[Result "0-1"]
[WhiteElo "2543"]
[BlackElo "2619"]
[Annotator "ChessBase"]
[PlyCount "73"]
[EventDate "2021.12.29"]
[EventType "swiss"]
[EventCountry "POL"]
[Tiebreak "Cut1 Buchholz"]
[SourceTitle "playchess.com"]
[Source "ChessBase"]
[SourceQuality "1"]

1. c4 e6 2. Nf3 d5 3. g3 Nf6 4. Bg2 dxc4 5. Qa4+ c6 6. Qxc4 b5 7. Qc2 Bb7 8. a4
a6 9. Nc3 Nbd7 10. O-O Rc8 11. b3 Be7 12. Bb2 O-O 13. Rac1 Qb6 14. Rfd1 c5 15.
d3 Bc6 16. Qd2 Qb7 17. axb5 axb5 18. Ra1 Rfd8 19. Qc2 Nb6 20. Ne1 Nbd5 21. Nxd5
Nxd5 22. Qc1 Nb4 23. Bxc6 Nxc6 24. Nf3 Bf8 25. Qf4 Nb4 26. Rdc1 Qd5 27. Nd2 Ra8
28. Qe4 f5 29. Qxd5 exd5 30. Ba3 c4 31. bxc4 dxc4 32. Nf3 cxd3 33. Bxb4 Rxa1
34. Rxa1 Bxb4 35. exd3 Bc3 36. Ra7 Rb8 37. d4 0-1

[Event "FIDE Open World Blitz 2021"]
[Site "Warsaw"]
[Date "2021.12.30"]
[Round "16.4"]
[White "Artemiev, Vladislav"]
[Black "Nepomniachtchi, Ian"]
[Result "1/2-1/2"]
[WhiteElo "2699"]
[BlackElo "2782"]
[Annotator "TA"]
[PlyCount "75"]
[EventDate "2021.12.29"]
[EventType "swiss"]
[EventCountry "POL"]
[Tiebreak "Cut1 Buchholz"]
[SourceTitle "playchess.com"]
[Source "ChessBase"]
[SourceQuality "1"]

1. Nf3 d5 2. g3 Nf6 3. Bg2 e6 4. O-O Be7 5. c4 O-O 6. b3 c5 7. cxd5 Nxd5 8. Bb2
b6 9. d4 Bb7 10. dxc5 Bxc5 11. Nc3 Nd7 12. Nxd5 Bxd5 13. b4 Be7 14. Nd4 Bxg2
15. Kxg2 Bf6 16. Nc6 Qe8 17. Bxf6 Nxf6 18. Rc1 Nd5 19. Qd4 Ne7 20. b5 Nxc6 21.
Rxc6 Rd8 22. Qc3 Qd7 23. Qc4 Qd5+ 24. Qxd5 Rxd5 25. a4 Rd4 26. Ra1 Rfd8 27. a5
Rb4 28. axb6 axb6 29. Rxb6 h5 30. Rb7 Rd5 31. b6 Rf5 32. Rd1 Rb2 33. Kf1 g5 34.
Ke1 g4 35. Kf1 Kg7 36. Rb8 Rfb5 37. b7 Rxb7 38. Rxb7 1/2-1/2

[Event "FIDE Open World Blitz 2021"]
[Site "Warsaw"]
[Date "2021.12.30"]
[Round "16.4"]
[White "Movsesian, Sergei"]
[Black "Peng, Li Min"]
[Result "1-0"]
[WhiteElo "2615"]
[BlackElo "2412"]
[Annotator "ChessBase"]
[PlyCount "115"]
[EventDate "2021.12.29"]
[EventType "swiss"]
[EventCountry "POL"]
[Tiebreak "Cut1 Buchholz"]
[SourceTitle "playchess.com"]
[Source "ChessBase"]
[SourceQuality "1"]

1. e4 Nc6 2. Nf3 d6 3. d4 Nf6 4. Nc3 g6 5. h3 Bg7 6. Be3 O-O 7. Qd2 a6 8. Bh6
b5 9. Bxg7 Kxg7 10. Bd3 e5 11. d5 Na5 12. O-O c5 13. dxc6 Nxc6 14. Rad1 Qe7 15.
a4 bxa4 16. Nxa4 Be6 17. c4 a5 18. b3 Rfd8 19. Rfe1 Rab8 20. Bc2 Nb4 21. Ra1
Nd7 22. Qc3 f6 23. Red1 Rdc8 24. Rd2 Nc5 25. Nxc5 Rxc5 26. Ne1 Rb6 27. Bd1 Qb7
28. Nd3 Nxd3 29. Qxd3 Ra6 30. Qe3 Qc7 31. Kh2 h5 32. Rd3 Rb6 33. Qd2 Ra6 34.
Be2 Rac6 35. h4 Kf8 36. Rg3 Bf7 37. Qh6+ Ke7 38. Qg7 Ke8 39. Qxf6 Qe7 40. Qh8+
Kd7 41. Rg5 Rb6 42. Qa8 Rxb3 43. Rxa5 Rxa5 44. Qxa5 Rb7 45. c5 dxc5 46. Bb5+
Kc8 47. Bc6 Rb8 48. Qa6+ Kd8 49. Bd5 Be8 50. Qa5+ Qc7 51. Qc3 Qe7 52. g3 Qf6
53. Kg2 Rc8 54. Rxe5 Qd6 55. Re6 Qf8 56. Qe5 Bd7 57. Rxg6 Bg4 58. Rd6+ 1-0

[Event "FIDE Open World Blitz 2021"]
[Site "Warsaw"]
[Date "2021.12.30"]
[Round "16.5"]
[White "Kravtsiv, Martyn"]
[Black "Vachier-Lagrave, Maxime"]
[Result "1/2-1/2"]
[WhiteElo "2616"]
[BlackElo "2766"]
[Annotator "RC"]
[PlyCount "161"]
[EventDate "2021.12.29"]
[EventType "swiss"]
[EventCountry "POL"]
[Tiebreak "Cut1 Buchholz"]
[SourceTitle "playchess.com"]
[Source "ChessBase"]
[SourceQuality "1"]

1. e4 c5 2. Nf3 d6 3. Bb5+ Bd7 4. Bxd7+ Qxd7 5. c4 Nf6 6. Nc3 Nc6 7. O-O g6 8.
d4 cxd4 9. Nxd4 Bg7 10. Nde2 O-O 11. f3 a6 12. Be3 Ne5 13. b3 b5 14. Nd5 Qb7
15. Rc1 bxc4 16. Nb6 Rad8 17. bxc4 e6 18. a4 Nfd7 19. Qxd6 Nc6 20. Nxd7 Rxd7
21. Qc5 Rc8 22. Rb1 Qa8 23. Qa3 Ne5 24. c5 Rd3 25. Qc1 Qc6 26. Bf2 Qxa4 27. Ra1
Qb5 28. Ra2 Nc6 29. Qb1 Rb3 30. Qd1 a5 31. Nc1 Rb1 32. Qa4 Qxa4 33. Rxa4 Rd8
34. Be3 Bd4 35. Bxd4 Rxd4 36. Rxd4 Nxd4 37. Nd3 Rb3 38. Ne5 Rc3 39. Rd1 Rxc5
40. Rxd4 Rxe5 41. Rd7 Rb5 42. Ra7 g5 43. Kf2 Kg7 44. g3 Rb2+ 45. Ke3 Rb3+ 46.
Ke2 Ra3 47. h4 h6 48. hxg5 hxg5 49. e5 Kg6 50. g4 a4 51. Kf2 Ra1 52. Ke2 a3 53.
Kf2 Kg7 54. Ra8 f6 55. Ra7+ Kg6 56. Ra6 fxe5 57. Rxe6+ Kf7 58. Ra6 Ke7 59. Kg2
Kd7 60. Ra5 Kd6 61. Kh2 Kc6 62. Rxe5 Rb1 63. Ra5 Rb3 64. Kg3 Kb6 65. Ra8 Kb5
66. Kf2 Kc4 67. f4 gxf4 68. g5 Rg3 69. g6 Kb3 70. Rb8+ Kc2 71. Rc8+ Kb2 72.
Rb8+ Ka1 73. Rb6 a2 74. Ke2 Rg2+ 75. Kf3 Rxg6 76. Rxg6 Kb2 77. Rb6+ Kc2 78. Ra6
Kb2 79. Rb6+ Kc2 80. Ra6 Kb2 81. Ke4 1/2-1/2

[Event "FIDE Open World Blitz 2021"]
[Site "Warsaw"]
[Date "2021.12.30"]
[Round "16.5"]
[White "Petrovskyi, Vadym"]
[Black "Alonso Rosell, Alvar"]
[Result "0-1"]
[WhiteElo "2377"]
[BlackElo "2580"]
[Annotator "ChessBase"]
[PlyCount "96"]
[EventDate "2021.12.29"]
[EventType "swiss"]
[EventCountry "POL"]
[Tiebreak "Cut1 Buchholz"]
[SourceTitle "playchess.com"]
[Source "ChessBase"]
[SourceQuality "1"]

1. e4 e5 2. Nf3 Nc6 3. d4 exd4 4. Bc4 Nf6 5. e5 Ne4 6. Qe2 Nc5 7. c3 d3 8. Qe3
Be7 9. O-O O-O 10. Rd1 d5 11. Bb5 Bg4 12. b4 Ne6 13. Bxd3 Bxf3 14. Qxf3 Nxe5
15. Bxh7+ Kxh7 16. Qh5+ Kg8 17. Qxe5 Bf6 18. Qg3 d4 19. Ba3 Qd7 20. Nd2 Qd5 21.
c4 Qf5 22. Bb2 a5 23. Nb3 axb4 24. Nxd4 Nxd4 25. Bxd4 Bxd4 26. Rxd4 Rxa2 27.
Rad1 c5 28. Rd8 Ra8 29. R8d5 Qc2 30. h4 b3 31. R5d2 Qxc4 32. Rb1 Ra2 33. Rdd1
Qc2 34. h5 c4 35. h6 Qg6 36. Qc3 b5 37. hxg7 Qxg7 38. Rd4 Re8 39. f3 Re6 40. g4
Rg6 41. Re1 Kh7 42. Qe3 Qh6 43. Qxh6+ Rxh6 44. Rd7 Rf6 45. Re3 b2 46. Re1 Ra1
47. Rdd1 Rxd1 48. Rxd1 c3 0-1

[Event "FIDE Open World Blitz 2021"]
[Site "Warsaw"]
[Date "2021.12.30"]
[Round "16.6"]
[White "Fedoseev, Vladimir"]
[Black "Duda, Jan-Krzysztof"]
[Result "0-1"]
[WhiteElo "2704"]
[BlackElo "2756"]
[Annotator "ChessBase"]
[PlyCount "132"]
[EventDate "2021.12.29"]
[EventType "swiss"]
[EventCountry "POL"]
[Tiebreak "Cut1 Buchholz"]
[SourceTitle "playchess.com"]
[Source "ChessBase"]
[SourceQuality "1"]

1. d4 Nf6 2. c4 g6 3. Nc3 d5 4. Bg5 Ne4 5. Bf4 Nxc3 6. bxc3 dxc4 7. e3 Be6 8.
Qb1 b6 9. Be5 f6 10. Bg3 Bh6 11. Nf3 O-O 12. Nd2 Nc6 13. Qe4 Qd7 14. Qxe6+ Qxe6
15. Bxc4 Qxc4 16. Nxc4 Rac8 17. Ke2 Rfd8 18. a4 Kf7 19. Rhb1 Bg7 20. e4 e5 21.
dxe5 fxe5 22. Bh4 Rd7 23. Rd1 Ke6 24. Rxd7 Kxd7 25. Rd1+ Ke6 26. Ne3 Bf8 27.
Nd5 Bd6 28. Bg5 Rf8 29. Bh6 Rf7 30. g3 Na5 31. Bc1 Bc5 32. f4 c6 33. Nb4 exf4
34. gxf4 Bd6 35. Nd3 Nc4 36. h4 Be7 37. h5 Bf6 38. Rg1 Rg7 39. hxg6 hxg6 40.
Nf2 b5 41. axb5 cxb5 42. Nd3 Bxc3 43. Rg5 Nd6 44. Nc5+ Ke7 45. Rd5 Rh7 46. e5
Rh2+ 47. Kf3 Nf5 48. Rd7+ Ke8 49. Rxa7 Bd4 50. Ra8+ Ke7 51. Ne4 b4 52. Rb8 b3
53. Ba3+ Kd7 54. Nf6+ Kc7 55. Rb5 b2 56. Ke4 Re2+ 57. Kd5 Bc3 58. Kc4 Bd4 59.
Nd5+ Kd7 60. Rb7+ Kc8 61. Rb5 Rc2+ 62. Kd3 Rg2 63. e6 Rg3+ 64. Kc4 Rxa3 65. e7
Nd6+ 66. Kb4 b1=Q+ 0-1

[Event "FIDE Open World Blitz 2021"]
[Site "Warsaw"]
[Date "2021.12.30"]
[Round "16.6"]
[White "Gabuzyan, Hovhannes"]
[Black "Suleymanli, Aydin"]
[Result "0-1"]
[WhiteElo "2580"]
[BlackElo "2541"]
[Annotator "ChessBase"]
[PlyCount "74"]
[EventDate "2021.12.29"]
[EventType "swiss"]
[EventCountry "POL"]
[Tiebreak "Cut1 Buchholz"]
[SourceTitle "playchess.com"]
[Source "ChessBase"]
[SourceQuality "1"]

1. e4 c6 2. d4 d5 3. exd5 cxd5 4. Bd3 Nc6 5. c3 Qc7 6. Ne2 Bg4 7. O-O Nf6 8.
Qe1 e6 9. Ng3 Bd6 10. h3 Bh5 11. Nxh5 Nxh5 12. Nd2 Nf4 13. Bb1 h5 14. Nf3 h4
15. b3 Qe7 16. c4 Qf6 17. Qd1 dxc4 18. bxc4 Nxd4 19. Nxd4 Qxd4 20. Qa4+ Kf8 21.
Ba3 Kg8 22. Rd1 Qxa1 23. Bh7+ Rxh7 24. Rxa1 Bxa3 25. Qxa3 Rh5 26. Qf3 Rf5 27.
Qxb7 Rd8 28. Rf1 Rd2 29. c5 Rc2 30. c6 Ng6 31. Rd1 Rfc5 32. Rd7 Rc1+ 33. Kh2
Ne5 34. Qb8+ Kh7 35. Rd4 g5 36. Qf8 R5c2 37. Qd6 Nf3+ 0-1

[Event "FIDE Open World Blitz 2021"]
[Site "Warsaw"]
[Date "2021.12.30"]
[Round "16.7"]
[White "Maghsoodloo, Parham"]
[Black "Firouzja, Alireza"]
[Result "1-0"]
[WhiteElo "2706"]
[BlackElo "2770"]
[Annotator "TA"]
[PlyCount "89"]
[EventDate "2021.12.29"]
[EventType "swiss"]
[EventCountry "POL"]
[Tiebreak "Cut1 Buchholz"]
[SourceTitle "playchess.com"]
[Source "ChessBase"]
[SourceQuality "1"]

1. d4 Nf6 2. c4 e6 3. Nc3 Bb4 4. e3 O-O 5. Bd2 d5 6. Nf3 b6 7. cxd5 exd5 8. Rc1
Bb7 9. Bd3 Re8 10. O-O Bf8 11. Ne5 c5 12. f4 Nc6 13. Ne2 Rc8 14. Be1 Ne4 15.
Bxe4 dxe4 16. Nxf7 Qd5 17. Ne5 Nxe5 18. dxe5 Qxa2 19. Bc3 Qd5 20. Qe1 b5 21.
Rd1 Qc4 22. b4 cxb4 23. Bd4 Rc7 24. f5 Bc8 25. e6 Qa2 26. Qg3 Rb7 27. Nf4 Bd6
28. Qg4 Bxf4 29. Qxf4 Rf8 30. Qe5 Re8 31. Rc1 Qe2 32. Rxc8 Rxc8 33. f6 Qg4 34.
f7+ Kf8 35. Bc5+ Re7 36. Bxe7+ Kxe7 37. f8=R Rxf8 38. Qc5+ Kxe6 39. Qxf8 Kd5
40. Qxb4 a6 41. Qd4+ Ke6 42. Qb6+ Kd5 43. Qxa6 Qe2 44. Qb6 Kc4 45. Qd4+ 1-0

[Event "FIDE Open World Blitz 2021"]
[Site "Warsaw"]
[Date "2021.12.30"]
[Round "16.7"]
[White "Narayanan.S.L"]
[Black "Mitrabha, Guha"]
[Result "1/2-1/2"]
[WhiteElo "2570"]
[BlackElo "2370"]
[Annotator "ChessBase"]
[PlyCount "86"]
[EventDate "2021.12.29"]
[EventType "swiss"]
[EventCountry "POL"]
[Tiebreak "Cut1 Buchholz"]
[SourceTitle "playchess.com"]
[Source "ChessBase"]
[SourceQuality "1"]

1. d4 Nf6 2. c4 c5 3. d5 e6 4. Nc3 d6 5. e4 exd5 6. cxd5 g6 7. h3 Bg7 8. Bd3
O-O 9. Nf3 a6 10. a4 Nbd7 11. O-O Qe7 12. Bf4 Ne8 13. Qd2 Rb8 14. Rfe1 Ne5 15.
Nxe5 Bxe5 16. Bxe5 Qxe5 17. Bf1 g5 18. g3 Kh8 19. Kh1 g4 20. h4 Bd7 21. a5 Nc7
22. b3 b5 23. axb6 Rxb6 24. Bc4 Rfb8 25. Na4 Rb4 26. Nb2 Rxb3 27. Bxb3 Rxb3 28.
Nc4 Qf6 29. Kg1 Nb5 30. e5 dxe5 31. Nxe5 Nd4 32. Nxd7 Nf3+ 33. Kg2 Qxa1 34.
Rxa1 Nxd2 35. Nxc5 Rb5 36. Rd1 Rxc5 37. Rxd2 Kg7 38. d6 Rc8 39. Rd4 f5 40. Rd5
Kf6 41. d7 Rd8 42. Rd6+ Ke5 43. Rxa6 Rxd7 1/2-1/2

[Event "FIDE Open World Blitz 2021"]
[Site "Warsaw"]
[Date "2021.12.30"]
[Round "16.8"]
[White "Martirosyan, Haik M."]
[Black "Sarana, Alexey"]
[Result "1-0"]
[WhiteElo "2624"]
[BlackElo "2656"]
[Annotator "ChessBase"]
[PlyCount "105"]
[EventDate "2021.12.29"]
[EventType "swiss"]
[EventCountry "POL"]
[Tiebreak "Cut1 Buchholz"]
[SourceTitle "playchess.com"]
[Source "ChessBase"]
[SourceQuality "1"]

1. d4 Nf6 2. c4 e6 3. Nf3 d5 4. Nc3 Nbd7 5. cxd5 exd5 6. Bg5 c6 7. Qc2 Be7 8.
e3 O-O 9. Bd3 Re8 10. O-O h6 11. Bh4 Ne4 12. Bxe4 Bxh4 13. Bh7+ Kh8 14. Bd3 Be7
15. Rfe1 Kg8 16. Rab1 a5 17. a3 Bd6 18. e4 dxe4 19. Nxe4 Bf8 20. Ng3 Rxe1+ 21.
Rxe1 Nf6 22. Bc4 Nd5 23. Ne5 Be6 24. h3 Qc7 25. Nh5 Rd8 26. Qd3 b5 27. Bb3 c5
28. Bc2 f5 29. Qxb5 cxd4 30. Nc6 Bf7 31. Nxd8 Qxd8 32. Bb3 Kh7 33. Ng3 f4 34.
Ne2 f3 35. Qd3+ Bg6 36. Qxf3 Nf6 37. Nf4 Bf5 38. Nd5 Bg6 39. Nf4 Bf5 40. Be6
Bc2 41. Bc4 Kh8 42. Bd3 Bxd3 43. Qxd3 Qd7 44. Ng6+ Kg8 45. Nxf8 Kxf8 46. Rd1
Qb7 47. Qxd4 Kg8 48. Qc3 a4 49. Rd4 Qa7 50. Qc4+ Kh7 51. Qxa4 Qc5 52. Qc4 Qe5
53. Qd3+ 1-0

[Event "FIDE Open World Blitz 2021"]
[Site "Warsaw"]
[Date "2021.12.30"]
[Round "16.8"]
[White "Zilka, Stepan"]
[Black "Volokitin, Andrei"]
[Result "1/2-1/2"]
[WhiteElo "2593"]
[BlackElo "2656"]
[Annotator "ChessBase"]
[PlyCount "117"]
[EventDate "2021.12.29"]
[EventType "swiss"]
[EventCountry "POL"]
[Tiebreak "Cut1 Buchholz"]
[SourceTitle "playchess.com"]
[Source "ChessBase"]
[SourceQuality "1"]

1. e4 c5 2. Nf3 e6 3. d4 cxd4 4. Nxd4 Nc6 5. Nc3 Qc7 6. Be3 a6 7. a3 b5 8. f4
Bb7 9. Qf3 Nf6 10. Bd3 h5 11. h3 Nxd4 12. Bxd4 Bc5 13. Bxc5 Qxc5 14. Qf2 Rc8
15. Qxc5 Rxc5 16. e5 Ng8 17. O-O-O f5 18. Be2 Ne7 19. Bf3 Bxf3 20. gxf3 Rc4 21.
Rhg1 Rxf4 22. Rxg7 Rxf3 23. Rd6 Rxh3 24. Rxa6 Rh1+ 25. Kd2 Kf8 26. Rg2 Rg8 27.
Ra8+ Kf7 28. Raxg8 Nxg8 29. Nxb5 h4 30. Nd6+ Kf8 31. b4 h3 32. Rg3 Nh6 33. b5
h2 34. Rh3 Ng4 35. b6 Nf2 36. Rxh2 Ne4+ 37. Nxe4 Rxh2+ 38. Kc3 Rh1 39. Kb2 Ke7
40. Nd6 Rh8 41. a4 f4 42. b7 Rb8 43. Kc1 Kd8 44. a5 Kc7 45. Kd2 Rxb7 46. Nxb7
Kxb7 47. Kd3 Ka6 48. Ke4 Kxa5 49. Kxf4 Kb4 50. Kg5 Kc5 51. Kf6 Kd5 52. Ke7 Kxe5
53. Kxd7 Kf6 54. c4 e5 55. c5 e4 56. c6 e3 57. c7 e2 58. c8=Q e1=Q 59. Qf8+
1/2-1/2

[Event "FIDE Open World Blitz 2021"]
[Site "Warsaw"]
[Date "2021.12.30"]
[Round "16.9"]
[White "Muradli, Mahammad"]
[Black "Mamedyarov, Shakhriyar"]
[Result "1/2-1/2"]
[WhiteElo "2571"]
[BlackElo "2765"]
[Annotator "ChessBase"]
[PlyCount "67"]
[EventDate "2021.12.29"]
[EventType "swiss"]
[EventCountry "POL"]
[Tiebreak "Cut1 Buchholz"]
[SourceTitle "playchess.com"]
[Source "ChessBase"]
[SourceQuality "1"]

1. d4 d5 2. c4 e6 3. Nc3 a6 4. cxd5 exd5 5. Nf3 Nf6 6. Bg5 Be6 7. Qb3 Nbd7 8.
e3 b5 9. Qd1 h6 10. Bf4 Bb4 11. Bd3 O-O 12. O-O Nh5 13. Rc1 Nxf4 14. exf4 Nf6
15. Ne5 Bd6 16. a4 bxa4 17. Nxa4 Qb8 18. Qc2 Qb4 19. Rfd1 Bd7 20. Nc5 Bb5 21.
g3 Rfb8 22. b3 a5 23. Bxb5 Qxb5 24. Qf5 Bxc5 25. Rxc5 Qxb3 26. Rdc1 Rb7 27. Rc6
Qb2 28. Rxc7 Rxc7 29. Rxc7 Qa1+ 30. Kg2 Qxd4 31. Rc8+ Rxc8 32. Qxc8+ Kh7 33.
Qf5+ Kg8 34. Qc8+ 1/2-1/2

[Event "FIDE Open World Blitz 2021"]
[Site "Warsaw"]
[Date "2021.12.30"]
[Round "16.9"]
[White "Sankalp, Gupta"]
[Black "Timofeev, Artyom"]
[Result "0-1"]
[WhiteElo "2323"]
[BlackElo "2586"]
[Annotator "ChessBase"]
[PlyCount "88"]
[EventDate "2021.12.29"]
[EventType "swiss"]
[EventCountry "POL"]
[Tiebreak "Cut1 Buchholz"]
[SourceTitle "playchess.com"]
[Source "ChessBase"]
[SourceQuality "1"]

1. d4 Nf6 2. Nf3 g6 3. Nc3 Bg7 4. e4 d6 5. Be3 c6 6. Qd2 b5 7. Bd3 O-O 8. Bh6
Bg4 9. O-O-O Bxf3 10. gxf3 e5 11. dxe5 dxe5 12. Ne2 Nbd7 13. Ng3 Nc5 14. h4 Ne6
15. h5 Nf4 16. Bxf4 exf4 17. Qxf4 Nd7 18. hxg6 fxg6 19. Qg4 Rf7 20. f4 Qf6 21.
e5 Qxf4+ 22. Qxf4 Rxf4 23. e6 Ne5 24. Be4 Re8 25. Rd6 Bf8 26. Bxc6 Bxd6 27.
Bxe8 b4 28. Ba4 h5 29. Rd1 Be7 30. Re1 Ng4 31. Ne4 Nxf2 32. Nxf2 Rxf2 33. Rd1
h4 34. Be8 g5 35. Rd7 Kf8 36. Bh5 h3 37. Rd1 Kg7 38. Rh1 h2 39. Kd1 Kf6 40. Bg4
Ke5 41. c3 Kf4 42. Be2 Kg3 43. Ba6 Rxb2 44. Kc1 bxc3 0-1

[Event "FIDE Open World Blitz 2021"]
[Site "Warsaw"]
[Date "2021.12.30"]
[Round "16.10"]
[White "Alekseenko, Kirill"]
[Black "Asadli, Vugar"]
[Result "1-0"]
[WhiteElo "2710"]
[BlackElo "2386"]
[Annotator "ChessBase"]
[PlyCount "83"]
[EventDate "2021.12.29"]
[EventType "swiss"]
[EventCountry "POL"]
[Tiebreak "Cut1 Buchholz"]
[SourceTitle "playchess.com"]
[Source "ChessBase"]
[SourceQuality "1"]

1. e4 g6 2. d4 Bg7 3. Nc3 d6 4. f4 a6 5. Nf3 Nd7 6. Be3 b5 7. Bd3 Bb7 8. a4 b4
9. Ne2 Ngf6 10. Ng3 O-O 11. O-O Ng4 12. Bd2 c5 13. c3 Ngf6 14. e5 Nd5 15. Ng5
Nc7 16. Qe2 bxc3 17. bxc3 cxd4 18. cxd4 dxe5 19. fxe5 Nb6 20. Rab1 Ne6 21. Nxe6
fxe6 22. Rxf8+ Bxf8 23. a5 Qxd4+ 24. Be3 Qxe5 25. Bxb6 Qd6 26. Re1 Bd5 27. Ne4
Qf4 28. Nc3 Bb3 29. Rb1 Bd5 30. Nxd5 exd5 31. Qe6+ Qf7 32. Qxf7+ Kxf7 33. Rc1
e5 34. Rc7+ Ke6 35. Kf1 Bd6 36. Ra7 Rc8 37. Bxa6 Rc1+ 38. Kf2 e4 39. Bd4 Rc2+
40. Be2 Rd2 41. Ke3 Ra2 42. Bg4# 1-0

[Event "FIDE Open World Blitz 2021"]
[Site "Warsaw"]
[Date "2021.12.30"]
[Round "16.10"]
[White "Nasuta, Grzegorz"]
[Black "Efimenko, Zahar"]
[Result "1/2-1/2"]
[WhiteElo "2377"]
[BlackElo "2601"]
[Annotator "ChessBase"]
[PlyCount "69"]
[EventDate "2021.12.29"]
[EventType "swiss"]
[EventCountry "POL"]
[Tiebreak "Cut1 Buchholz"]
[SourceTitle "playchess.com"]
[Source "ChessBase"]
[SourceQuality "1"]

1. e4 e5 2. Nf3 Nc6 3. Bc4 Bc5 4. O-O d6 5. d3 Nf6 6. c3 h6 7. Re1 O-O 8. h3 a6
9. Bb3 Ba7 10. Nbd2 Be6 11. Nf1 Re8 12. Bc2 d5 13. exd5 Bxd5 14. Ng3 Qd7 15.
Nh4 Bc5 16. Qe2 Rad8 17. b4 Bf8 18. a4 b5 19. axb5 axb5 20. Nhf5 Ne7 21. Nxe7+
Rxe7 22. Be3 Ree8 23. Ra7 Qc6 24. Ne4 Bxe4 25. dxe4 Qxc3 26. Rc1 Qxb4 27. Rxc7
Rc8 28. Rxc8 Rxc8 29. Rb1 Qc3 30. Bd3 Rb8 31. Bd2 Qd4 32. Be3 Qc3 33. Bd2 Qd4
34. Be3 Qc3 35. Bd2 1/2-1/2

[Event "FIDE Open World Blitz 2021"]
[Site "Warsaw"]
[Date "2021.12.30"]
[Round "16.11"]
[White "Ter-Sahakyan, Samvel"]
[Black "Amin, Bassem"]
[Result "0-1"]
[WhiteElo "2565"]
[BlackElo "2617"]
[Annotator "ChessBase"]
[PlyCount "82"]
[EventDate "2021.12.29"]
[EventType "swiss"]
[EventCountry "POL"]
[Tiebreak "Cut1 Buchholz"]
[SourceTitle "playchess.com"]
[Source "ChessBase"]
[SourceQuality "1"]

1. e4 e5 2. Nf3 Nc6 3. Bc4 Nf6 4. d3 h6 5. c3 d6 6. Nbd2 g6 7. O-O Bg7 8. Re1
O-O 9. Nf1 d5 10. exd5 Nxd5 11. Ng3 Be6 12. a4 Re8 13. h3 Kh7 14. a5 a6 15. Qb3
b5 16. axb6 cxb6 17. Qd1 b5 18. Bb3 f5 19. Bd2 Qd6 20. c4 Ndb4 21. Bxb4 Nxb4
22. c5 Bxb3 23. cxd6 Bxd1 24. Raxd1 Rad8 25. h4 Rxd6 26. h5 Bf6 27. hxg6+ Kxg6
28. Re2 Rxd3 29. Rc1 e4 30. Ne1 Rb3 31. Nf1 Rxb2 32. Re3 Bg5 33. Rg3 f4 34.
Rgc3 f3 35. Rd1 e3 36. Rd6+ Kh7 37. Rc7+ Kh8 38. Nxf3 Bf4 39. Rdd7 exf2+ 40.
Kh1 Bxc7 41. Rxc7 Rb1 0-1

[Event "FIDE Open World Blitz 2021"]
[Site "Warsaw"]
[Date "2021.12.30"]
[Round "16.11"]
[White "Gumularz, Szymon"]
[Black "Christiansen, Johan-Sebastian"]
[Result "0-1"]
[WhiteElo "2396"]
[BlackElo "2593"]
[Annotator "ChessBase"]
[PlyCount "168"]
[EventDate "2021.12.29"]
[EventType "swiss"]
[EventCountry "POL"]
[Tiebreak "Cut1 Buchholz"]
[SourceTitle "playchess.com"]
[Source "ChessBase"]
[SourceQuality "1"]

1. e4 e5 2. Nf3 Nc6 3. d4 exd4 4. Nxd4 Nf6 5. Nxc6 bxc6 6. e5 Qe7 7. Qe2 Nd5 8.
h4 a5 9. c4 Nb6 10. h5 Qe6 11. Be3 Bb4+ 12. Nd2 Ba6 13. Bxb6 cxb6 14. O-O-O
O-O-O 15. a3 Be7 16. g3 f6 17. f4 fxe5 18. Bh3 Qh6 19. fxe5 Kc7 20. Kb1 Rhe8
21. Ne4 Bf8 22. Nd6 Bxd6 23. Rxd6 Rxe5 24. Rxc6+ Qxc6 25. Qxe5+ Kb7 26. Rd1
Bxc4 27. Qe7 Kc7 28. Qe5+ Kc8 29. Qxg7 Bb3 30. Rc1 Ba2+ 31. Kxa2 Qxc1 32. Qd4
Qc6 33. Bf5 h6 34. Be4 Qc5 35. Qd3 Kc7 36. g4 Re8 37. Bf5 Re7 38. Qg3+ Qe5 39.
Qd3 Qc5 40. Qg3+ d6 41. Qd3 Re5 42. Qa6 Qd5+ 43. Kb1 Re1+ 44. Kc2 Qd1+ 45. Kc3
Re3+ 46. Bd3 Qc1+ 47. Kb3 Qc6 48. a4 Qd5+ 49. Kc2 Qc6+ 50. Kd2 Rg3 51. b3 Rg2+
52. Ke3 Rxg4 53. Bc4 Qc5+ 54. Kf3 Qf5+ 55. Ke3 Re4+ 56. Kd2 Qf2+ 57. Kc3 Re3+
58. Bd3 Qe1+ 59. Kc2 Qf2+ 60. Kc3 Qf3 61. Kd4 Re5 62. Qc4+ Qc6 63. Qf7+ Qd7 64.
Qc4+ Rc5 65. Qg8 Qe7 66. Bc4 Qe5+ 67. Kd3 Qf5+ 68. Kd4 Qe5+ 69. Kd3 d5 70. Qf7+
Kd6 71. Qf8+ Qe7 72. Qxh6+ Kc7 73. Qf4+ Kb7 74. Bb5 Qh7+ 75. Kd4 Qxh5 76. Qd6
Qg4+ 77. Kd3 Qe4+ 78. Kd2 Qd4+ 79. Ke2 Rc2+ 80. Kf3 Rf2+ 81. Kg3 Qe3+ 82. Kg4
Qf3+ 83. Kh4 Qf4+ 84. Qxf4 Rxf4+ 0-1

[Event "FIDE Open World Blitz 2021"]
[Site "Warsaw"]
[Date "2021.12.30"]
[Round "16.12"]
[White "Demchenko, Anton"]
[Black "Dragnev, Valentin"]
[Result "1-0"]
[WhiteElo "2655"]
[BlackElo "2396"]
[Annotator "ChessBase"]
[PlyCount "101"]
[EventDate "2021.12.29"]
[EventType "swiss"]
[EventCountry "POL"]
[Tiebreak "Cut1 Buchholz"]
[SourceTitle "playchess.com"]
[Source "ChessBase"]
[SourceQuality "1"]

1. e4 d5 2. exd5 Qxd5 3. Nc3 Qa5 4. Nf3 Nf6 5. g3 g6 6. Bg2 Bg7 7. O-O O-O 8.
Re1 Nc6 9. d3 e5 10. a3 Bg4 11. h3 Bxf3 12. Bxf3 Qc5 13. Be3 Qd6 14. Ne4 Nxe4
15. dxe4 Qe7 16. c3 Rad8 17. Qe2 b6 18. h4 h5 19. b4 Kh7 20. Qc4 Rd6 21. Rad1
Rfd8 22. Rxd6 Rxd6 23. Bg5 Bf6 24. Bc1 a5 25. Bd1 axb4 26. axb4 Nd8 27. Bb3 c6
28. Be3 Qc7 29. Ra1 Kg7 30. Ra6 b5 31. Qe2 Qc8 32. Ra1 Ne6 33. Ra7 Rd7 34. Bxe6
fxe6 35. Qa2 Rxa7 36. Qxa7+ Kg8 37. Bc5 Bg7 38. Be7 Qe8 39. Qc7 Qf7 40. Qc8+
Kh7 41. Bg5 Bf6 42. Be3 Be7 43. Qxc6 Kg8 44. Kg2 Kh7 45. Qxb5 g5 46. hxg5 h4
47. Qd7 hxg3 48. fxg3 Kg6 49. b5 Qf8 50. Qxe6+ Kh7 51. Qh6+ 1-0